000 00294nam a2200121Ia 4500
008 220204s9999 xx 000 0 und d
082 _a025.45UDC
_bBOS
100 _aBose, H
245 0 _aUniversal decimal classification
250 _aEd.2 Rev
260 _aDelhi
_bSterling
_c1990
942 _cBK
999 _c40099
_d40099